LEADER 00996nam0-22003131i-450- 001 990004760670403321 005 20100427141458.0 035 $a000476067 035 $aFED01000476067 035 $a(Aleph)000476067FED01 035 $a000476067 100 $a19990604g19619999km-y0itay50------ba 101 0 $alat 105 $ay-------001yy 200 1 $aTexte zur Mariologie und Marienverhung der mittelalterlichen Kirche$funter Mitarbeit von Adolf Kolping$gausgewählt durch Walter Delius 210 $aBerlin$cDe Gruyter & Co.$d1961 215 $a62 p.$d20 cm 225 1 $aKleine Texte für Vorlesungen und Übungen$v184 610 0 $aMariologia 676 $a232.91 702 1$aDelius,$bWalter 702 1$aKolping,$bAdolf 801 0$aIT$bUNINA$gRICA$2UNIMARC 901 $aBK 912 $a990004760670403321 952 $a232.91 DEL 2$bBibl. 34900$fFLFBC 959 $aFLFBC 996 $aTexte zur Mariologie und Marienverhung der mittelalterlichen Kirche$9560340 997 $aUNINA LEADER 00968nam0 2200253 4500 001 9910159958803321 005 20170202135936.0 010 $a978-88-14-21831-6 100 $a20170202d2016---- km y0itay50 ba 101 0 $aita 102 $aIT 105 $a 001yy 200 1 $a<>carcere duro tra esigenze di prevenzione e tutela dei diritti fondamentali$epresente e futuro del regime detentivo speciale ex art. 41 bis o.p. 210 $aMilano$cGiuffrè$d2016 215 $aXVII, 459 p.$d24 cm 225 1 $aPubblicazioni del Dipartimento di scienze giuridiche Cesare Beccaria$fUniversità degli studi di Milano, Facoltà di giurisprudenza$iNuova serie$v6 700 1$aDella Bella,$bAngela$0524371 801 0$aIT$bUNINA$gREICAT$2UNIMARC 901 $aBK 912 $a9910159958803321 952 $a5,3-197$bP280$fDSPCP 959 $aDSPCP 996 $aCarcere duro tra esigenze di prevenzione e tutela dei diritti fondamentali$91467579 997 $aUNINA LEADER 01097nam0-2200361-i-450 001 990009833930403321 005 20230413142749.0 010 $a3-525-33587-3 035 $a000983393 035 $aFED01000983393 035 $a(Aleph)000983393FED01 035 $a000983393 100 $a20140306d1993----km-y0itay50------ba 101 0 $ager 102 $aDE 105 $ay-------001yy 200 1 $aGeschichtswissenschaft im 20. Jahrhundert$eein kritischer Überblick im internationalen Zusammenhang$fGeorg G. Iggers 210 $aGöttingen$cVandenhoeck & Ruprecht$dc1993 215 $a130 p.$d19 cm 225 1 $aKleine Vandenhoeck-Reihe$v1565 300 $aContiene bibl. (pp.115-127) 610 0 $aFilosofia della storia 610 0 $aStoriografia 676 $a901$v22$zita 676 $a907.2$v22$zita 700 1$aIggers,$bGeorg Gerson$f<1926- >$0120669 801 0$aIT$bUNINA$gRICA$2UNIMARC 901 $aBK 912 $a990009833930403321 952 $aDIC / IGG 1$fBFS$b345 959 $aBFS 996 $aGeschichtswissenschaft im 20. Jahrhundert$9836378 997 $aUNINA